Online
Catalog

Elegía fecunda : (Record no. 7420)

MARC details
000 -CABECERA
campo de control de longitud fija 00590cam a2200181 a 4500
001 - NÚMERO DE CONTROL
campo de control 000007640
005 - FECHA Y HORA DE LA ÚLTIMA TRANSACCIÓN
campo de control 20200929154237.0
008 - DATOS DE LONGITUD FIJA--INFORMACIÓN GENERAL
campo de control de longitud fija 780105s1971 ag a 001 p spa
040 ## - FUENTE DE LA CATALOGACIÓN
Centro catalogador/agencia de origen DO-SdBNP
Centro/agencia transcriptor NmLcU
Centro/agencia modificador DLC
082 ## - NÚMERO DE LA CLASIFICACIÓN DECIMAL DEWEY
Número de clasificación A861.44
Número de documento/Ítem B977e
100 1# - ENTRADA PRINCIPAL--NOMBRE DE PERSONA
Nombre de persona Busciolano Lazo, Gerardo,
Fechas asociadas al nombre 1904-
9 (RLIN) 21195
245 10 - MENCIÓN DE TÍTULO
Título Elegía fecunda :
Resto del título prosas breves /
Mención de responsabilidad, etc. Gerardo Busciolano Lazo.
260 ## - PUBLICACIÓN, DISTRIBUCIÓN, ETC.
Lugar de publicación, distribución, etc. Córdoba, Argentina :
Nombre del editor, distribuidor, etc. Ta.P.AS,
Fecha de publicación, distribución, etc. 1971.
300 ## - DESCRIPCIÓN FÍSICA
Extensión 71 p. :
Otras características físicas il. ;
Dimensiones 23 cm.
650 #4 - PUNTO DE ACCESO ADICIONAL DE MATERIA--TÉRMINO DE MATERIA
Término de materia o nombre geográfico como elemento de entrada Prosa argentina
9 (RLIN) 21196
650 #4 - PUNTO DE ACCESO ADICIONAL DE MATERIA--TÉRMINO DE MATERIA
Término de materia o nombre geográfico como elemento de entrada Literatura argentina
Subdivisión cronológica SIGLO XX
9 (RLIN) 14711
910 ## - DATOS DE OPCIÓN DEL USUARIO (OCLC)
Datos de opción del usuario Catalogación por copia / LC
Holdings
Estado de retiro Estado de pérdida Restricciones de uso No para préstamo Código de colección Localización permanente Ubicación/localización actual Ubicación en estantería Fecha de adquisición Número de inventario Total de préstamos Signatura topográfica completa Código de barras Fecha visto por última vez Precio válido a partir de Tipo de ítem Koha
    Préstamo interno   Monografías: Libros y Folletos General General En catalogación 09.09.2009 LF1   A861.44 B977e 7640-10 25.06.2020 25.06.2020 Préstamo interno

Powered by Koha